Southville International School and Colleges
Your cart is empty.
  • Cart
  • Lists
    Public lists Eva Luna New books Lux_list list_1
    Your lists Log in to create your own lists
  • Log in to your account
  • Your cookies
  • Search history
Southville International School and Colleges
  • Advanced search
  • Recent comments
  • Most popular
  • Libraries

Log in to your account

Log in with GOOGLE


If you do not have an external account, but do have a local account, you can still log in:

  1. Home
  2. MARC view: I read signs /
Normal view MARC view ISBD view

I read signs / (Record no. 105835)

[ view plain ]
MARC details
000 -LEADER
fixed length control field 00564nam a2200193 a 4500
005 - DATE AND TIME OF LATEST TRANSACTION
control field 20140412111416.0
008 - FIXED-LENGTH DATA ELEMENTS--GENERAL INFORMATION
fixed length control field 070814s19uu xx 00 eng d
020 ## - INTERNATIONAL STANDARD BOOK NUMBER
International Standard Book Number 0-59-048659-4
050 ## - LIBRARY OF CONGRESS CALL NUMBER
Classification number TR(GS 001.55
Item number H65 1983
100 ## - MAIN ENTRY--PERSONAL NAME
Personal name Hoban , Tana
245 ## - TITLE STATEMENT
Title I read signs /
Statement of responsibility, etc Tana Hoban.
260 ## - PUBLICATION, DISTRIBUTION, ETC. (IMPRINT)
Place of publication, distribution, etc New York :
Name of publisher, distributor, etc Greenwillow books,
Date of publication, distribution, etc 1983.
300 ## - PHYSICAL DESCRIPTION
Extent 32
520 ## - SUMMARY, ETC.
Summary, etc Introduces signs and symbols frequently seen along the street.
650 ## - SUBJECT ADDED ENTRY--TOPICAL TERM
Topical term or geographic name as entry element Traffic signs and signals
650 ## - SUBJECT ADDED ENTRY--TOPICAL TERM
Topical term or geographic name as entry element Street signs
650 ## - SUBJECT ADDED ENTRY--TOPICAL TERM
Topical term or geographic name as entry element Signs and signboards
Holdings
Withdrawn status Lost status Damaged status Use restrictions Home library Current library Shelving location Date acquired Source of acquisition Cost, normal purchase price Total Checkouts Full call number Barcode Date last seen Price effective from Koha item type
        Elizalde Library Elizalde Library Teachers Reference Section 08/14/2007   95.00   TR(GS 001.55 H65 1983 E10755 04/12/2014 04/12/2014 Books

I read signs /

APA

Hoban, . (1983). I read signs. New York: Greenwillow books.

Chicago

Hoban, . 1983. I read signs. New York: Greenwillow books.

Harvard

Hoban, . (1983). I read signs. New York: Greenwillow books.

MLA

Hoban, . I read signs. New York: Greenwillow books. 1983.

  • Place hold
  • Print
  • Cite
  • Add to your cart (remove)
  • Save record
    BIBTEX Dublin Core MARCXML MARC (non-Unicode/MARC-8) MARC (Unicode/UTF-8) MARC (Unicode/UTF-8, Standard) MODS (XML) RIS
  • More searches
    Search for this title in:
    Other Libraries (WorldCat) Other Databases (Google Scholar) Online Stores (Bookfinder.com) Open Library (openlibrary.org)

Exporting to Dublin Core...

SOUTHVILLE LIBRARY

Southville International School and Colleges Library

1281 Tropical Ave. Cor. Luxembourg St., BF Homes International, Las Pinas City

Tel. No. 8256374 / 252358 Loc. 117/146

Powered by Koha